000 01026cad a22002535a 4500
001 E147848
008 090624s2009 xxk f 000 0 eng d
035 _a(Sirsi) u147848
041 0 _aeng
050 0 4 _a333.33 $2 18
100 1 _aHobbs, Peter
245 0 0 _aUK real estate quarterly
_bJune 2009
_h[electronic resource]
260 _aLondon
_bRREEF
_c2009
490 0 _aRREEF UK Real Estate Quarterly
505 2 _aSummary -- Market outlook -- Research topic: bank lending to the UK market
520 _aLooks at issues related to the macro economy, UK real estate markets and capital markets over the last quarter and in the short term future. Goes on to examine in depth the role of bank lending to the commercial real estate sector.
521 _aAdvanced
590 _aKA
651 4 _aUnited Kingdom
_y
690 _aPROPERTY-COMMERCIAL PROPERTY-COMMERCIAL PROPERTY MARKET
700 1 _aStratton, Henry
856 4 0 _uhttps://www.rreef.com
_zView the report free of charge at www.rreef.com...
942 _n0
999 _c109748
_d109748